01887aam a22002891a 450000100150000000300070001500500170002200800410003901000150008001000180009501000180011301000150013103500530014603500260019904000190022510000360024421000150028024500550029525000140035030000790036430000200044330000180046330010550048141000170153651700170155370000270157099936595002419CBULib20240607140339.0240607b |||||||| |||| 00| 0 eng d a0723434751 a9780723434757 a9780723437123 a0723437122 a(WlAbNL)(Uk)ark:/81055/vdc_100052492460.0x000001 a(WlAbNL)(Uk)018653772 aCBULIBcCBULIB a20080611d2008 uy 0 aEdinburgh  aCrash Course:b Surgeryc/ by Angeliki Kontoyannis a3rd. ed.  aRevised edition of: Surgery / Helen Sweetland, Kevin Conway. 2nd ed. 2004. aIncludes index. aFormerly CIP. aI. The Patient Presents With Acute Abdominal Pain Dyspepsia Vomiting, Haematemesis and Melaena Change in Bowel Habit Abdominal Mass and Distension Rectal Bleeding Anorectal Pain Jaundice Dysphagia Breast Lump Neck Lump Ischaemic Limb Leg Ulcer Groin Swelling Scrotal Swelling Haematuria Urinary Difficulty Skin Lesion Anaemia Abdominal Pain in Children II. Diseases and Disorders Oesophageal Disorders Gastric and Duodenal Disorders Disorders of the Small Intestine Colonic Disorders Anorectal Disorders Hepatobiliary Disorders Gynaecological Disorders Abdominal Hernias Thyroid and Parathyroid Disorders Neck Swellings Breast Disorders Vascular Disorders Urological Disorders Skin Lesions Soft Tissue Disorders Trauma Postoperative Care and Complications Principles of Cancer Management III. History, Examination and Common Investigations Clerking a Surgical Patient Examination of a Surgical Patient Writing up a Surgical Clerking Investigation of a Surgical Patient Introduction to the operating theatre IV. Self-assessment MCQs, EMQs, SAQs Index. 0aCrash course3 aCrash Course aKontoyannisb Angeliki